000 00439nam a22001817a 4500
999 _c527268
_d527268
003 NUST
005 20190723120049.0
008 190723b ||||| |||| 00| 0 eng d
020 _a9788125918677
038 _aAzhar
082 _a631.7
_bMIC
100 _4Dr. A. M. Michael
245 _aIrrigation theory and practice
250 _a2nd edition
260 _aNew Delhi
_bVikas publishing
_c2018
300 _a768p
942 _2ddc
_cBK